Chapman Library

Abortion : toward an evangelical consensus (Record no. 3001)

000 -LEADER
fixed length control field 00432nam a22001337a 4500
020 ## - INTERNATIONAL STANDARD BOOK NUMBER
ISBN 0880701730
050 ## - LIBRARY OF CONGRESS CALL NUMBER
Classification number HQ 767.35.F69 fow
100 ## - MAIN ENTRY--AUTHOR NAME
Personal name FOWLER, Paul B.
245 ## - TITLE STATEMENT
Title Abortion : toward an evangelical consensus
260 ## - PUBLICATION, DISTRIBUTION, ETC. (IMPRINT)
Place of publication Portland, Oregon
Name of publisher Multnomah Press
Year of publication 1987
300 ## - PHYSICAL DESCRIPTION
Number of Pages 225 pages ; 24 cm; index
650 ## - SUBJECT ADDED ENTRY--TOPICAL TERM
Topical Term Abortion - Religious aspects- christianity
-- Evangelism -United States
-- Abortion- United States
942 ## - ADDED ENTRY ELEMENTS (KOHA)
Koha item type Books
Holdings
Koha item type Collection code Shelving location Accession Number Permanent Location Current Location Date acquired Full call number
BooksLendingLending4602Chapman LibraryChapman Library2017-03-16HQ 767.35.F69 fow


CSUC Chapman Library is a Koha Automated Library.


Contact us: library@csuc.edu.gh.